Life of Christ / (Record no. 21610)

MARC details
000 -LEADER
fixed length control field 01223cam a2200325 a 4500
001 - CONTROL NUMBER
control field 15170651
003 - CONTROL NUMBER IDENTIFIER
control field OSt
005 - DATE AND TIME OF LATEST TRANSACTION
control field 20260415094001.0
008 - FIXED-LENGTH DATA ELEMENTS--GENERAL INFORMATION
fixed length control field 080206r20081958nyu 000 0 eng
010 ## - LIBRARY OF CONGRESS CONTROL NUMBER
LC control number 2008005297
035 ## - SYSTEM CONTROL NUMBER
System control number 15170651
040 ## - CATALOGING SOURCE
Original cataloging agency DLC
Transcribing agency DLC
Modifying agency DLC
050 00 - LIBRARY OF CONGRESS CALL NUMBER
Classification number BT301.3
Item number .S54 1958
082 00 - DEWEY DECIMAL CLASSIFICATION NUMBER
Classification number 232.9/01
-- B
Edition number 22
100 1# - MAIN ENTRY--PERSONAL NAME
Personal name Sheen, Fulton J.
Fuller form of name (Fulton John),
Dates associated with a name 1895-1979.
245 10 - TITLE STATEMENT
Title Life of Christ /
Statement of responsibility, etc. by Fulton J. Sheen.
260 ## - PUBLICATION, DISTRIBUTION, ETC. (IMPRINT)
Place of publication, distribution, etc. New York :
Name of publisher, distributor, etc. Image Books/Doubleday,
Date of publication, distribution, etc. c1958.
300 ## - PHYSICAL DESCRIPTION
Extent xxvii, 473 p. ;
Dimensions 21 cm.
336 ## - CONTENT TYPE
Content type term text
Content type code txt
Source rdacontent
337 ## - MEDIA TYPE
Media type term unmediated
Media type code n
Source rdamedia
338 ## - CARRIER TYPE
Carrier type term volume
Carrier type code nc
Source rdacarrier
500 ## - GENERAL NOTE
General note Originally published: New York : McGraw-Hill, 1958.
600 00 - SUBJECT ADDED ENTRY--PERSONAL NAME
Personal name Jesus Christ
Form subdivision Biography.
655 #7 - INDEX TERM--GENRE/FORM
Genre/form data or focus term Biographies.
Source of term lcgft
Authority record control number https://id.loc.gov/authorities/genreForms/gf2014026049
856 41 - ELECTRONIC LOCATION AND ACCESS
Materials specified Table of contents only
Uniform Resource Identifier <a href="http://www.loc.gov/catdir/toc/ecip0811/2008005297.html">http://www.loc.gov/catdir/toc/ecip0811/2008005297.html</a>
906 ## - LOCAL DATA ELEMENT F, LDF (RLIN)
a 7
b cbc
c orignew
d 1
e ecip
f 20
g y-gencatlg
942 ## - ADDED ENTRY ELEMENTS (KOHA)
Source of classification or shelving scheme Library of Congress Classification
Koha item type General Collection
Holdings
Withdrawn status Lost status Source of classification or shelving scheme Not for loan Home library Current library Shelving location Date acquired Source of acquisition Inventory number Total Checkouts Full call number Barcode Date last seen Copy number Price effective from Koha item type
    Library of Congress Classification   Kabarak, Main Campus Kabarak, Main Campus General Stacks 15/04/2026 Donation 2025/2835   BT301.3 .S54 1958 C.1 39242 15/04/2026 C.1 15/04/2026 General Collection
Designed with assistance from East African Informatics Ltd